The Sporcle 2012 Christmas Card Quiz Stats

Quiz Updated Dec 25, 2012

Challenge
Share
Tweet
Embed
Score 0/90 Timer 00:30
14 Plays Today
ℋℴ ℋℴ ℋℴ % Correct
99.9%
❅❅❅❅❅❅❅❅❅❅❅❅❅❅❅❅❅❅❅❅❅❅
99%
❅❅❅❅❅❅❅❅❅❅❅❅❅❅❅❅❅❅❅❅❅❅
99%
ℳℇℛℛУ ℭℋℛℐՏՇℳαՏ
99%
❅❅❅❅❅❅❅❅❅❅❅❅❅❅❅❅❅❅❅❅❅❅
99%
❅❅❅❅❅❅❅❅❅❅❅❅❅❅❅❅❅❅❅❅❅❅
99%
༼༽
99%
༼༼༽༽
99%
ℱℛѲℳ Տ℘Ѳℛℭℒℇ
99%
       ❅           ❅
99%
   ❅❅  ❅     ❅  ❅  ❅
98.9%
 ❅                  
98.9%
    ❅  ❅ ❅❅❅❅ ❅  ❅❅ 
98.9%
  ❅       ❅   ❅ ❅ ❅ 
98.9%
❅     ❅ ❅    ❅❅❅❅ ❅❅
98.9%
❅ ❅  ❅    ❅   ❅❅❅❅❅❅❅❅❅
98.9%
98.9%
◥ ▆▆▆ 2 0 1 2 ▆▆▆◤
99%
██◤    ◥██
98.9%
99%
☢☢☢
98.9%
●●●●●●
98.9%
▁▂█████▂▁
98.9%
    ❅❅        ❅    ❅
98.9%
  ❅❅ ❅❅     ❅❅      
98.9%
    ❅   ❅   ❅  ❅    
98.9%
     ❅ ❅ ❅❅  ❅❅ ❅  ❅
98.9%
       ❅❅❅❅  ❅❅    ❅
98.9%
❅❅   ❅❅   ❅   ❅ ❅      
98.9%
 ❅❅❅❅    ❅❅    ❅ ❅     
98.9%
ℋℴ ℋℴ ℋℴ % Correct
 ❅ ❅❅❅   ❅❅❅   ❅ ❅   ❅ 
98.9%
❅  ❅❅❅❅    ❅ ❅    ❅    
98.9%
❅  ❅    ❅❅❅    ❅ ❅    ❅
98.9%
 ❅  ❅   ❅❅❅ ❅  ❅ ❅❅  ❅❅
98.9%
❅ ❅❅ ❅ ❅ ❅❅❅  ❅  ❅  ❅❅❅
98.9%
❅❅  ❅ ❅❅❅❅ ❅  ❅ ❅ ❅ ❅❅ 
98.9%
 ❅❅ ❅ ❅ ❅   ❅❅❅ ❅ ❅❅❅❅❅❅ 
98.9%
❅ ❅❅ ❅❅ ❅❅❅ ❅❅❅❅❅ ❅ ❅ ❅
98.9%
❅❅❅ ❅ ❅ ❅  ❅ ❅   ❅ ❅  ❅
98.9%
❅❅ ❅ ❅ ❅ ❅❅ ❅❅ ❅ ❅ ❅❅❅❅
98.9%
❅ ❅ ❅❅  ❅ ❅ ❅  ❅❅  ❅❅❅❅
98.9%
 ❅❅❅ ❅❅  ❅  ❅ ❅ ❅  ❅ ❅❅
98.9%
  ❅  ❅❅ ❅ ❅ ❅❅  ❅  ❅❅❅❅
98.9%
❅ ❅ ❅❅ ❅❅❅  ❅❅ ❅ ❅ ❅❅  
98.9%
◢█◣
98.9%
◢███◣
98.9%
◥█████████◤
98.9%
◢███◤◥███◣
98.9%
༼༼༼༼༽༽༽༽
98.9%
༼༼༼༼༼༼༽༽༽༽༽༽
98.9%
♥ ♥ ♥ ♥ ♥ ♥
98.9%
༼༼༼༼༼༼༼༼༽༼༽༽༽༽༽༽
98.9%
●●●●●●●●●●●●●
98.9%
༼༼༼༼༼༼༼༼༼༼༼༽༽༽༽༽༽༽༽༽༽༽
98.9%
✪ ✿ ✪ ✿ ✪ ✿ ✪
98.9%
༼༼༼༼༼༼༼༼༼༼༼༼༼༽༽༽༽༽༽༽༽༽༽༽༽༽
98.9%
Ⓢ●Ⓟ●Ⓞ●Ⓡ●Ⓒ●Ⓛ●Ⓔ
98.9%
༼༼༼༼༼༼༼༼༼༼༼༼༼༼༽༽༽༽༽༽༽༽༽༽༽༽༽༽
98.9%
༼༼༼༼༼༼༼༼༼༼༼༼༼༼༼༽༽༽༽༽༽༽༽༽༽༽༽༽༽༽
98.9%
⃝ ↂ ⊚ ⃝ ↂ ⊚ ⃝ ↂ ⊚ ⃝ ↂ
98.9%
ℋℴ ℋℴ ℋℴ % Correct
༼༼༼༼༼༼༼༼༼༼༼༼༼༼༼༼༼༽༽༽༽༽༽༽༽༽༽༽༽༽༽༽༽༽
98.9%
༼༼༼༼༼༼༼༼༼༼༼༼༼༼༼༼༽༽༽༽༽༽༽༽༽༽༽༽༽༽༽༽༽
98.9%
       ❅ ❅          
98.9%
  ❅   ❅    ❅ ❅ ❅ ❅    
98.9%
    ❅  ❅            
98.9%
     ❅   ❅   ❅ ❅  ❅❅
98.9%
 ❅     ❅      ❅❅❅   
98.9%
  ❅     ❅   ❅       
98.9%
❅ ❅ ❅❅❅❅  ❅ ❅  ❅ ❅  
98.9%
❅❅    ❅   ❅         
98.9%
 ❅❅ ❅❅  ❅❅❅   ❅❅  ❅ 
98.9%
    ❅❅❅      ❅❅     
98.9%
❅❅  ❅❅❅❅      ❅❅    
98.9%
  ❅  ❅❅   ❅ ❅ ❅❅   ❅
98.9%
❅   ❅ ❅❅   ❅ ❅ ❅    
98.9%
 ❅   ❅❅❅  ❅❅ ❅ ❅❅  ❅
98.9%
❅  ❅❅     ❅   ❅  ❅❅ 
98.9%
     ❅  ❅❅❅  ❅❅❅ ❅ ❅
98.9%
❅❅ ❅❅ ❅  ❅❅❅❅ ❅  ❅  
98.9%
❅❅ ❅  ❅ ❅❅ ❅ ❅❅   ❅ 
98.9%
❅ ❅ ❅   ❅ ❅❅❅   ❅❅ ❅
98.9%
   ❅❅   ❅❅    ❅❅❅❅ ❅
98.9%
 ❅ ❅ ❅❅   ❅❅❅❅ ❅❅  ❅
98.9%
     ❅❅❅❅❅   ❅  ❅ ❅❅
98.9%
❅  ❅  ❅❅❅❅  ❅❅   ❅❅❅
98.9%
    ❅ ❅ ❅    ❅❅   ❅ 
98.9%
  ❅❅❅ ❅❅❅❅❅❅❅❅❅❅ ❅❅❅
98.9%
  ❅❅❅❅  ❅❅❅ ❅❅❅ ❅❅❅❅
98.9%
❅❅❅  ❅ ❅❅ ❅❅❅❅❅❅ ❅❅ 
98.9%
❅❅❅  ❅❅❅❅❅❅ ❅❅ ❅   ❅
98.9%

You're not logged in!

Compare scores with friends on all Sporcle quizzes.
Join for Free
OR
Log In

You Might Also Like...

Show Comments

Extras

Top Quizzes Today


Score Distribution

Your Account Isn't Verified!

In order to create a playlist on Sporcle, you need to verify the email address you used during registration. Go to your Sporcle Settings to finish the process.

Report this User

Report this user for behavior that violates our Community Guidelines.

Details: